000 00670nam 22001933 4500
001 199673
010 _a972-9138-21-4
090 _a199673
100 _a20251222d u||y0pory50 ba
200 _aVasilhas do Felgar, objectos úteis : exposição
_fCâmara Municipal de Barcelos
210 _aBarcelos
_cCâmara Municipal de Barcelos
_d1990
215 _a23, [5] p.
_cil. ; brochado
_d24 cm
225 _aMuseu Aberto
_h1
606 _92051
_aAntropologia Cultural. Etnologia. Etnografia. Usos e Costumes. Tradições. Modo de vida. Folclore
675 _a39
_vPT
_zpor
710 _915475
_aCâmara Municipal de Barcelos
801 _aPT
_bBMMN
_gRPC
830 _cVanda
990 _cLIVROS